| 000 | 00472nam a22001697a 4500 | ||
|---|---|---|---|
| 003 | NUST - PNEC | ||
| 005 | 20170116180941.0 | ||
| 008 | 150907b xxu||||| |||| 00| 0 eng d | ||
| 020 | _a0835961621 | ||
| 040 | _cLIBRARY | ||
| 082 | _a621.31042 ELH | ||
| 100 |
_98742 _a El-Hawary |
||
| 245 |
_a Principles of electric machines with power electronic applications _cEl-Hawary |
||
| 260 | _cc.1986 | ||
| 650 |
_98740 _bElectrical engineering _xEE, EL |
||
| 942 |
_2ddc _cBK |
||
| 999 |
_c66164 _d66164 |
||